000 01090cam a22003253a 4500
001 48988
005 20230410101711.0
008 000121s1999 qucac k 000 0bfre
020 _a2894540728
050 1 4 _a110 ML 420
_bJ43m 1999
245 0 0 _aMartha Jean-Claude :
_bmwen se fanm de peyi = femme de deux iles /
_c[textes de Nicole Arcelin, Richard Mirabal, CIDIHCA].
246 0 3 _aMwen se fanm de peyi
246 0 3 _aFemme de deux iles
260 _aMontréal :
_bEditions du CIDIHCA,
_c[1999?]
300 _a59 p. :
_bill., ports. ;
_c28 cm.
500 _aCover: Une rétrospective en images de l'itinéraire de Martha.
504 _aDiscogr.: p. 58.
600 1 0 _aJean-Claude, Martha,
_d1919-
650 0 _aPopular music
_zHaiti.
650 0 _aWomen singers
_zHaiti
_vBiography.
650 0 _aWomen, Black
_zHaiti
_vBiography.
650 0 _aWomen entertainers
_zHaiti
_vBiography.
650 4 _aCEH
650 4 _aColección Estudios Haitianos
700 1 _aMirabal, Richard.
700 1 _aArcelin, Nicole.
710 2 _aCIDIHCA.
942 _2lcc
_cbk
994 _aC0
_bDRFGD
999 _c12320
_d12320